000 00313nam a2200133Ia 4500
005 20251222152721.0
008 251222s9999||||xx |||||||||||||| ||spa||
082 _a617.11/M84
100 _aMoncrief, Artz
245 0 _aTratado de Quemaduras
250 _a2da.ed.
264 _bInteramericana S.A.
942 _cLIB
999 _c29579
_d29579